000 01892nam a22005177a 4500
001 000096620
003 CHAP
005 20220817044134.0
008 061128d2006 mx bd r 00110 spa d
010 _a93086
011 _a94058
035 _a104642
040 _cCHAP
090 _aTesis
100 1 _aCanal Contreras, Aureliano
_918249
245 1 0 _aReproducción y dinámica de acción social de las familias de Tepetzingo, Huatusco, Veracruz /
_c/por Aureliano Canal Contreras.
260 _aHuatusco, Ver. :
_bEl autor,
_c2006.
300 _a140 h. :
_bmapa ; cuadros ; diagrama.
502 _aTesis (Ing. Agr. Esp. en Zonas Tropicales) -- UACH. Dirección de Centros Regionales
590 _aALEPH
_b10
_c20130110
_lUCH01
_h1515
590 _aBATCH-UPD
_b10
_c20130109
_lUCH01
_h2331
590 _aBATCH-UPD
_b10
_c20130110
_lUCH01
_h0854
590 _aBATCH-UPD
_b10
_c20130410
_lUCH01
_h0526
590 _aBATCH-UPD
_b10
_c20130914
_lUCH01
_h0809
590 _aBATCH-UPD
_b10
_c20140324
_lUCH01
_h1500
590 _aBATCH-UPD
_b10
_c20141002
_lUCH01
_h0832
590 _aBATCH
_b00
_c20181121
_lUCH01
_h0759
590 _aCONVERSION
_b10
_c20130109
_lUCH01
_h1351
590 _aE792CSJ
_b10
_c20130605
_lUCH01
_h1001
650 1 4 _aAgricultura
_xTrabajadores.
_91840
650 1 4 _aCafé
_xRendimiento.
_917196
650 1 4 _aCafé
_zVeracruz.
650 1 4 _aCafeticultores.
_917080
650 1 4 _aCapital en agricultura.
_918710
650 1 4 _aFamilia.
_939405
650 1 4 _aReproducción.
_996027
650 1 4 _aTrabajo y trabajadores.
856 _3Finding aid
_uhttp://10.13.5.2/tesis/104642.pdf
_zTeclea aquí
856 _a1
_n0001220
901 _aBK
905 _aMarco A. Mendoza T.
942 _cCD
942 _n0
949 _aTesis
_bBC
_cTES
_d33724002008611
_eTS1
_gDonaciØn
_h46108
_i104642
_sb
949 _aTesis
_bBC
_cTES
_d33724002008629
_eTS2
_fc.2
_gDonaciØn
_h46109
_i104642
_sb
999 _c93086
_d93086